Spotify artists with the most songs in the top 100 - Statistics

General Stats
  • This quiz has been taken 769 times
    745 since last reset
  • The average score is 5 of 16
Answer Stats
Songs Artist % Correct
4 Drake
78%
5 Ed Sheeran
73%
8 Justin Bieber
60%
3 The Weeknd
50%
6 Post Malone
40%
3 Dua Lipa
31%
4 Shawn Mendes
25%
4 Imagine Dragons
20%
3 Selena Gomez
19%
3 Cardi B
16%
3 The Chainsmokers
14%
3 XXXTentacion
11%
3 Halsey
9%
3 Charlie Puth
8%
3 Twenty One Pilots
8%
3 DJ Snake
5%
No matching quizzes found
Score Distribution
Percent of People with Each Score
Percentile by Number Answered
Your Score History
You have not taken this quiz since the last reset